Datum a čas kvízu
15.5
Celkem bodů
Celkový počet nahraných bodů na tomto kvízu bez doplňovacích otázek.
4.
Pořadí na kvízu
Konečné umístění týmu na tomto kvízu.
Zaznamenané odpovědi
| # | Otázka | Odpověď | Body | Výsledky |
|---|---|---|---|---|
| 1. | Poblíž nájezdu na dálnici D6 k... | Sokolov | 0 | |
| 2. | V jihoitalské Apulii se konal... | papeže | 0 | |
| 3. | Minulý týden vyšel první video... | Monkey Business | 0 | |
| 4. | V Ostravě se minulý týden kona... | jezdí na baterky (akumulátory) | 0 | |
| 5. | Koncem týdne se na trase Praha... | mil československých | 0 | |
| 6. | Téma začneme u Arnolda Schwarz... | Olympia, Universe | 0.5 | |
| 7. | Bývalý fotbalový útočník, dvoj... | George Weah | 0 | |
| 8. | Mezi poslanci Parlamentu ČR se... | Pavel Ploc, Jakub Janda | 0 | |
| 9. | Také hokejisty to táhne po kon... | mistrovství světa, olympijské hry, Stanley Cup | 1 | |
| 10. | Pavel Bém je bývalým pražským... | Koruna planety (též Koruna zeměkoule, Koruna světa) | 0 |